[Event "Piestany Slovakia op-B"]
[Site "Piestany"]
[Date "2024.07.15"]
[Round "7"]
[White "Panko, Radoslav"]
[Black "Kruzliak, Damian"]
[Result "0-1"]
[WhiteElo "2020"]
[BlackElo "1814"]
[PlyCount "22"]
[EventDate "2024.07.09"]
[EventType "swiss"]
[EventRounds "9"]
[EventCountry "SVK"]
[SourceTitle "EXT 2025"]
[Source "ChessBase"]
[SourceDate "2024.10.14"]
[SourceVersion "1"]
[SourceVersionDate "2024.10.14"]
[SourceQuality "1"]

1. e4 d5 2. exd5 Qxd5 3. Nc3 Qd8 4. d4 Nf6 5. Nf3 Bf5 6. Ne5 Nbd7 7. Qf3 Bxc2 8. Qxb7 Rb8 9. Qxa7 Nxe5 10. dxe5 Ne4 11. Nxe4 Qd1# 0-1

[Event "Piestany Slovakia op-B"]
[Site "Piestany"]
[Date "2024.07.09"]
[Round "1"]
[White "Kruzliak, Damian"]
[Black "Rapavy, Marek"]
[Result "1-0"]
[WhiteElo "1814"]
[BlackElo "1409"]
[PlyCount "33"]
[EventDate "2024.07.09"]
[EventType "swiss"]
[EventRounds "9"]
[EventCountry "SVK"]
[SourceTitle "EXT 2025"]
[Source "ChessBase"]
[SourceDate "2024.10.14"]
[SourceVersion "1"]
[SourceVersionDate "2024.10.14"]
[SourceQuality "1"]

1. e4 c6 2. d4 d5 3. f3 dxe4 4. fxe4 e5 5. Nf3 Bg4 6. Bc4 Nf6 7. Bxf7+ Kxf7 8. Nxe5+ Ke8 9. Nxg4 Nxe4 10. 0-0 Qh4 11. Qe2 Qe7 12. Re1 Nd6 13. Qf2 Ne4 14. Qf3 Kd8 15. Rxe4 Qc7 16. Bg5+ Kd7 17. Qf7+ 1-0

[Event "Bratislava exe op"]
[Site "Bratislava"]
[Date "2023.09.21"]
[Round "7"]
[White "Kruzliak, Damian"]
[Black "Brida, Lukas"]
[Result "1-0"]
[WhiteElo "1637"]
[BlackElo "1825"]
[PlyCount "85"]
[EventDate "2023.09.15"]
[EventType "swiss"]
[EventRounds "9"]
[EventCountry "SVK"]
[SourceTitle "CBM 216 Extra"]
[Source "ChessBase"]
[SourceDate "2023.11.30"]
[SourceVersion "1"]
[SourceVersionDate "2023.11.30"]
[SourceQuality "1"]

1. e4 e5 2. Nc3 Nf6 3. f4 d5 4. fxe5 Nxe4 5. Qf3 Nc6 6. Bb5 f5 7. Nge2 Bd7 8. 0-0 Nxe5 9. Bxd7+ Qxd7 10. Qxf5 Qxf5 11. Rxf5 Bd6 12. Nxd5 0-0-0 13. d4 Ng4 14. Bf4 c6 15. Ndc3 Nxc3 16. bxc3 Rhe8 17. Ng3 Ne3 18. Bxd6 Nxf5 19. Nxf5 g6 20. Be7 gxf5 21. Bxd8 Kxd8 22. Kf2 Kd7 23. a4 Kd6 24. c4 Re4 25. c3 c5 26. Re1 Rh4 27. Re5 cxd4 28. Rd5+ Ke6 29. cxd4 Rxh2 30. Kg3 Rh5 31. Rd8 Rg5+ 32. Kf3 Rg4 33. a5 h5 34. c5 h4 35. d5+ Ke5 36. a6 Rg3+ 37. Kf2 Rb3 38. d6 Kd5 39. Rc8 Ke6 40. Re8+ Kd7 41. Re7+ Kc8 42. axb7+ Rxb7 43. c6 1-0

[Event "Bratislava exe op"]
[Site "Bratislava"]
[Date "2023.09.17"]
[Round "3"]
[White "Schwarz, Dusan"]
[Black "Kruzliak, Damian"]
[Result "1-0"]
[WhiteElo "2315"]
[BlackElo "1637"]
[PlyCount "49"]
[EventDate "2023.09.15"]
[EventType "swiss"]
[EventRounds "9"]
[EventCountry "SVK"]
[SourceTitle "CBM 216 Extra"]
[Source "ChessBase"]
[SourceDate "2023.11.30"]
[SourceVersion "1"]
[SourceVersionDate "2023.11.30"]
[SourceQuality "1"]

1. d4 d5 2. c4 e6 3. Nc3 Nf6 4. Bg5 Be7 5. Nf3 0-0 6. Qc2 a6 7. c5 c6 8. e4 dxe4 9. Nxe4 b5 10. a3 Nxe4 11. Bxe7 Qxe7 12. Qxe4 Bb7 13. Bd3 f5 14. Qe2 Nd7 15. 0-0-0 Rfe8 16. Rde1 Qf6 17. Rhg1 a5 18. g4 a4 19. gxf5 exf5 20. Qxe8+ Rxe8 21. Rxe8+ Kf7 22. Rge1 g6 23. h4 Nf8 24. Ng5+ Kg8 25. Ne6 1-0

[Event "Bratislava exe op"]
[Site "Bratislava"]
[Date "2023.09.16"]
[Round "2"]
[White "Privara, Igor"]
[Black "Kruzliak, Damian"]
[Result "1/2-1/2"]
[WhiteElo "2110"]
[BlackElo "1637"]
[PlyCount "71"]
[EventDate "2023.09.15"]
[EventType "swiss"]
[EventRounds "9"]
[EventCountry "SVK"]
[SourceTitle "CBM 216 Extra"]
[Source "ChessBase"]
[SourceDate "2023.11.30"]
[SourceVersion "1"]
[SourceVersionDate "2023.11.30"]
[SourceQuality "1"]

1. e4 d5 2. exd5 Qxd5 3. Nc3 Qd8 4. d4 Nf6 5. Nf3 e6 6. Be2 Be7 7. 0-0 0-0 8. Ne5 Nbd7 9. Bf3 c6 10. Qe2 Qc7 11. Bg5 Re8 12. Rfe1 Nd5 13. Nxd5 cxd5 14. Nxf7 Bxg5 15. Nxg5 Nf6 16. g3 h6 17. Nh3 e5 18. Bg2 Bxh3 19. Bxh3 exd4 20. Be6+ Kh8 21. Qd3 Qb6 22. Qf5 Qxb2 23. Bxd5 Nxd5 24. Qxd5 Qxc2 25. Qxd4 Rxe1+ 26. Rxe1 Qxa2 27. Re7 Qg8 28. Rxb7 a5 29. Qa4 Qe8 30. Qxe8+ Rxe8 31. Kg2 Re1 32. Ra7 Ra1 33. h4 h5 34. Kf3 Kh7 35. Kf4 Kh6 36. Ra6+ 1/2-1/2

[Event "Piestany Slovakia op-B"]
[Site "Piestany"]
[Date "2023.07.13"]
[Round "3"]
[White "Kruzliak, Damian"]
[Black "Melih, Mario"]
[Result "0-1"]
[WhiteElo "1542"]
[BlackElo "1853"]
[PlyCount "98"]
[EventDate "2023.07.11"]
[EventType "swiss"]
[EventRounds "9"]
[EventCountry "SVK"]
[SourceTitle "EXT 2024"]
[Source "ChessBase"]
[SourceDate "2023.10.10"]
[SourceVersion "1"]
[SourceVersionDate "2023.10.10"]
[SourceQuality "1"]

1. d4 d5 2. Nc3 Nf6 3. Bf4 a6 4. e3 Bf5 5. Nf3 e6 6. Bd3 Bxd3 7. cxd3 c5 8. dxc5 Bxc5 9. d4 Be7 10. Qa4+ Nc6 11. 0-0 Nh5 12. Bg3 0-0 13. Rac1 b5 14. Qd1 Nxg3 15. hxg3 Rc8 16. Ne2 Qb6 17. Nf4 Bd6 18. Nd3 a5 19. Nc5 Rc7 20. a3 Rfc8 21. Qd2 a4 22. Rc2 e5 23. Rfc1 e4 24. Ng5 Na5 25. Qe2 Nc4 26. Qh5 h6 27. Nh3 Bxc5 28. dxc5 Rxc5 29. Qg4 Qe6 30. Qxe6 fxe6 31. Nf4 Kf7 32. Rd1 Ne5 33. Rxc5 Rxc5 34. Rd2 Rc1+ 35. Kh2 Nc4 36. Ne2 Rf1 37. Rc2 Rxf2 38. Kg1 Rxg2+ 39. Kh1 Nxe3 40. Rc7+ Kf6 41. Nf4 Rxb2 42. Rc6 Kf5 43. Nxe6 g5 44. Nd4+ Kg4 45. Rc3 Nf1 46. Nc2 Nxg3+ 47. Kg2 Nf5 48. Rg3+ Nxg3 49. Kg1 Ne2+ 0-1

[Event "Piestany Slovakia op-B"]
[Site "Piestany"]
[Date "2022.07.17"]
[Round "8"]
[White "Stolar, Michal"]
[Black "Kruzliak, Damian"]
[Result "0-1"]
[WhiteElo "1560"]
[BlackElo "1000"]
[PlyCount "72"]
[EventDate "2022.07.11"]
[EventType "swiss"]
[EventRounds "9"]
[EventCountry "SVK"]
[SourceTitle "CBM 209 Extra"]
[Source "ChessBase"]
[SourceDate "2022.09.30"]
[SourceVersion "1"]
[SourceVersionDate "2022.09.30"]
[SourceQuality "1"]

1. e4 e5 2. Nf3 Nc6 3. d4 exd4 4. Bc4 Bb4+ 5. Bd2 Be7 6. a3 a5 7. Bf4 d6 8. Nbd2 Bg4 9. h3 Bh5 10. g4 Bg6 11. h4 Nf6 12. h5 Bxe4 13. Nxe4 Nxe4 14. Qe2 d5 15. Bb5 0-0 16. 0-0-0 Bc5 17. Bd3 Qe7 18. Bxe4 dxe4 19. Ng5 Rfe8 20. Qc4 Bd6 21. Bd2 e3 22. fxe3 dxe3 23. Nf3 exd2+ 24. Nxd2 Qe3 25. Kb1 Ne5 26. Qa4 b5 27. Qxb5 Reb8 28. Qa4 Qxa3 29. Qxa3 Bxa3 30. b3 a4 31. Rde1 Bb4 32. Rxe5 Bxd2 33. Rh3 h6 34. Kb2 Bg5 35. Re1 Bf6+ 36. Kc1 a3 0-1

[Event "Piestany Slovakia op-B"]
[Site "Piestany"]
[Date "2022.07.16"]
[Round "7"]
[White "Kruzliak, Damian"]
[Black "Mendelova, Adela"]
[Result "1-0"]
[WhiteElo "1000"]
[BlackElo "1131"]
[PlyCount "111"]
[EventDate "2022.07.11"]
[EventType "swiss"]
[EventRounds "9"]
[EventCountry "SVK"]
[SourceTitle "CBM 209 Extra"]
[Source "ChessBase"]
[SourceDate "2022.09.30"]
[SourceVersion "1"]
[SourceVersionDate "2022.09.30"]
[SourceQuality "1"]

1. e4 e6 2. d4 d5 3. e5 c5 4. c3 Nc6 5. Nf3 Bd7 6. Be2 Nge7 7. Na3 Nf5 8. Nc2 Be7 9. 0-0 cxd4 10. cxd4 0-0 11. Bd2 Rc8 12. Bc3 f6 13. exf6 Bxf6 14. Re1 Qc7 15. Bf1 a6 16. Rc1 b5 17. Qd2 Qd8 18. Nb4 Nxb4 19. Bxb4 Be7 20. Ba5 Qe8 21. Ne5 Bd6 22. Rxc8 Qxc8 23. Bb4 Bxb4 24. Qxb4 Be8 25. Qd2 Bf7 26. Rc1 Qa8 27. Rc7 Nd6 28. b3 Rc8 29. Qc2 Qb8 30. Rc5 Qb7 31. Bd3 g6 32. h4 Rxc5 33. Qxc5 Ne4 34. Bxe4 dxe4 35. Qc6 Qxc6 36. Nxc6 Be8 37. Ne5 Kg7 38. g4 Kf6 39. Kg2 h5 40. Kg3 g5 41. hxg5+ Kxg5 42. gxh5 Bxh5 43. Nd7 Kf5 44. b4 Be2 45. Nc5 e5 46. d5 Kf6 47. d6 Kf7 48. Kh4 Bc4 49. a3 Be6 50. d7 Bxd7 51. Nxd7 Ke6 52. Nc5+ Kd5 53. Kg4 Kd4 54. Kf5 Kd5 55. Nxe4 Kc4 56. Kxe5 1-0